000 01208cad a22002415a 4500
001 L137763
008 101026c2010 xxkqr ws ss 000 a0eng d
035 _a(Sirsi) u137763
041 0 _aeng
110 2 _aInvestment Property Databank
_92288
245 0 0 _aIPD UK quarterly property index
_h[electronic resource]
260 _aLondon
_bIPD
_c2010-
362 0 _aCurrent quarterly index only
490 0 _aIPD UK Quarterly Property Index
520 _aProvides statistics and a commentary on total returns, income returns, capital growth and market activity for the different commercial property sectors. Compares growth and returns to other time periods. Launched in May 2006 with historical data back to December 2000 (subscribers) the index is compiled from the individual property records of 189 quarterly and monthly valued funds with a total value of £131bn.
554 _aQuarterly
590 _aKA
650 2 4 _aIPD UK QUARTERLY INDEX
651 4 _aUnited Kingdom
_y
690 _aPROPERTY-COMMERCIAL PROPERTY-COMMERCIAL PROPERTY MARKET
856 4 0 _uhttps://www.ipd.com/OurProducts/Indices/UnitedKingdom/tabid/446/Default.aspx
_zView the index free of charge at www.ipd.com
942 _n0
999 _c118909
_d118909